The rise and fall of the great powers : (Record no. 15698)
[ view plain ]
| 000 -LEADER | |
|---|---|
| fixed length control field | 01523nam a2200205 a 4500 |
| 001 - CONTROL NUMBER | |
| control field | ASIN0006860524 |
| 005 - DATE AND TIME OF LATEST TRANSACTION | |
| control field | 20170105102923.0 |
| 008 - FIXED-LENGTH DATA ELEMENTS--GENERAL INFORMATION | |
| fixed length control field | 131209s1989 xxu eng d |
| 020 ## - INTERNATIONAL STANDARD BOOK NUMBER | |
| International Standard Book Number | 0006860524 (paperback) |
| 020 ## - INTERNATIONAL STANDARD BOOK NUMBER | |
| International Standard Book Number | 9780006860525 (paperback) |
| 040 ## - CATALOGING SOURCE | |
| Original cataloging agency | 0 |
| 100 1# - MAIN ENTRY--PERSONAL NAME | |
| Personal name | Kennedy, Paul. |
| 245 14 - TITLE STATEMENT | |
| Title | The rise and fall of the great powers : |
| Remainder of title | economic change and military conflict from 1500 to 2000 / |
| Statement of responsibility, etc. | Paul Kennedy. |
| 250 ## - EDITION STATEMENT | |
| Edition statement | New Ed. |
| 260 ## - PUBLICATION, DISTRIBUTION, ETC. | |
| Place of publication, distribution, etc. | [S.l.] : |
| Name of publisher, distributor, etc. | Harper Collins Publishers, |
| Date of publication, distribution, etc. | 1989. |
| 300 ## - PHYSICAL DESCRIPTION | |
| Extent | 928 p. ; |
| Dimensions | 20 cm. |
| 520 ## - SUMMARY, ETC. | |
| Summary, etc. | Paul Kennedy's international bestseller is a sweeping account of five hundred years of fluctuating economic muscle and military might among the great powers of the world. Kennedy begins with Europe's dramatic return to the forefront of world domination at the expense of China and the Muslim world and brings us up to modern times, with both on the brink of remarkable recovery. Along the way he explores world wars and civil wars, destructive ideologies, the paranoia of superpowers and the inherent problems of a united Europe. He persuasively demonstrates the interdependence of economic and military power, showing how imbalance between the two has historically led to spectacular political disaster. Erudite and brilliantly original, 'The Rise and Fall of Great Powers' is essential reading for anyone with an interest in the politics of power. |
| 856 40 - ELECTRONIC LOCATION AND ACCESS | |
| Materials specified | Amazon.com |
| Uniform Resource Identifier | <a href="http://www.amazon.com/exec/obidos/ASIN/0006860524/chopaconline-20">http://www.amazon.com/exec/obidos/ASIN/0006860524/chopaconline-20</a> |
| 942 ## - ADDED ENTRY ELEMENTS (KOHA) | |
| Source of classification or shelving scheme | |
| Koha item type | Book |
| Withdrawn status | Lost status | Damaged status | Not for loan | Collection code | Permanent Location | Current Location | Shelving location | Date acquired | Total Checkouts | Full call number | Barcode | Date last seen | Price effective from | Koha item type | Source of classification or shelving scheme | Public note |
|---|---|---|---|---|---|---|---|---|---|---|---|---|---|---|---|---|
| Write Off | Central Library (CL) | Central Library (CL) | 02/26/2021 | 909.82 KEN | NBS8639 | 02/26/2021 | 02/26/2021 | Book | Write off File No.0908/IRC/NBS Dated Aug 16, 2018 | |||||||
| Centre for International Peace & Stability (CIPS) | Centre for International Peace & Stability (CIPS) | General Stacks | 10/02/2013 | 909.82 KEN 1989 | CIPS0001684 | 12/09/2013 | 12/09/2013 | Book |
